000 00452nam a2200169Ia 4500
008 131103s9999 xx 000 0 und d
040 _aLoreto College
041 _aEnglish
082 _a920/BRO
_bLCLIB/
100 _aBrooks, Geraldine
245 _aDames and daughters of the french court
_cGeraldine Brooks
260 _aLondon
_bT. fisher
_c1905
300 _aiv.288p.
_c 20cm.
650 _aBiography
850 _aLCLIB/920/BRO
942 _cBK
999 _c25070
_d75549